Govt. of
Madhya Pradesh

बस्तर के लोकेत्सव (Record no. 69027)

MARC details
000 -LEADER
fixed length control field 00381nam a22001097a 4500
082 ## - DEWEY DECIMAL CLASSIFICATION NUMBER
Classification number 398
100 ## - MAIN ENTRY--AUTHOR NAME
Personal name पाण्डेय, शिव कुमार
245 ## - TITLE STATEMENT
Title बस्तर के लोकेत्सव
260 ## - PUBLICATION, DISTRIBUTION, ETC. (IMPRINT)
Place of publication दिल्ली
Name of publisher आयुष पब्लिशिंग हाउस
Year of publication 2020
650 ## - SUBJECT ADDED ENTRY--TOPICAL TERM
Topical Term लोकसाहित्य
942 ## - ADDED ENTRY ELEMENTS (KOHA)
Koha item type Hindi Books
Holdings
Withdrawn status Lost status Damaged status Not for loan Home library Current library Date acquired Cost, normal purchase price Full call number Accession Number Price effective from Koha item type
        MACL MACL 09/04/2026 695.00 398 CRH039113 09/04/2026 Hindi Books